Name the Salad - Statistics

General Stats
  • This quiz has been taken 78 times
  • The average score is 6 of 15
Answer Stats
Base Dressing Answer % Correct
Romaine lettuce, croutons, parmesan cheese Lemon juice, olive oil, egg, Worcestershire sauce, anchovies Caesar
95%
Tomato, cucumber, onion, feta cheese, Kalamata olives Olive oil Greek
75%
Shredded cabbage Vinaigrette or mayonnaise Coleslaw
68%
Russet potatoes, black pepper, celery seed, dry dill, pickles, chives, red or white onions, bell peppers, celery Mayonnaise, mustard Potato
65%
Apples, celery, walnuts, grapes Mayonnaise Waldorf
63%
iceberg lettuce, watercress, endives, Romaine lettuce, tomato, bacon, chicken breast, hard-boiled egg, avocado, chives, Roquefort cheese Red-wine vinaigrette Cobb
58%
Hard-boiled eggs, celery or onion, salt, pepper, paprika Mayonnaise, mustard Egg
49%
Mozzarella, tomatoes, green basil Olive oil Caprese
34%
Tomatoes, parsley, mint, bulgur, onion Olive oil, lemon juice Tabbouleh
32%
Cured meats, olives, peperoncini, mushrooms, anchovies, artichoke hearts, Italian cheeses, pickled meats, and pickled vegetables Italian dressing Antipasto
22%
Raw yellowfin tuna Soy sauce Poke
14%
Finely chopped tomatoes, cucumbers, onions, parsley Lemon juice, olive oil, black pepper Israeli
11%
Romaine lettuce, cabbage, chicken breast, deep-fried wonton or rice vermicelli, sliced nuts Vegetable oil, sesame oil, rice vinegar Chinese Chicken
6%
Boiled potatoes, carrots, dill pickles, green peas, eggs, celeriac, onions, boiled chicken, tart apples Mayonnaise, mustard Olivier
6%
Crab, hard boiled eggs, tomato, asparagus, cucumber Mayonnaise, chili sauce Crab Louie
3%
No matching quizzes found
Score Distribution
Percent of People with Each Score
Percentile by Number Answered
Your Score History
You have not taken this quiz